Responses for show #8206 - Monday, April 20, 2020

Contestants

[<< previous game]

Andrew Cramer, a program manager from Seattle, Washington

Ben Sonday, a quantitative developer and trader from Chicago, Illinois

Felicity Flesher, a screenwriter from Studio City, California (whose 2-day cash winnings total $32,200)

[next game >>]

Jeopardy! Round responses

A HISTORY OF CHARITY
LITERARY TERMS
ROLL WITH IT
THAT'S ENTERTAINMENT
DIFFERS BY A LETTER
QUESTIONS FROM A 1927 QUIZ BOOK
(Alex: It's called Ask Me Another.)
    $200 19
the Easterseals

Triple Stumper
    $200 1
narrator

Felicity
    $200 20
(Alex: Yes, with less than a minute.)

a rolling pin

Ben
    $200 7
Tupac

Andrew
    $200 23
spank & spunk

Felicity
    $200 6
(Andrew: What is New York City?)
(Alex: Yes. No?)

New York

FelicityAndrew
    $3,400 15
(Andrew: Uh, let's dance. Let's make it a True Daily Double.)
[Audience laughter]
(Alex: Let's dance?)
(Andrew: You only get one shot.)
(Alex: Even James Holzhauer never said, "Let's dance." [Shoves hands forward] This he did, but not [Acts out dancing with a partner] "Let's dance.")

Habitat for Humanity

Andrew
    $400 2
a moral

Ben
    $400 21
rolling admission

Felicity
    $400 9
Rachael Ray

Felicity
    $400 24
sauna & fauna

Andrew
    $400 8
(Andrew: What is a hot air balloon?)

a helicopter

FelicityAndrew
    $600 16
Oxfam

Andrew
    $600 3
protagonist

Andrew
    $600 10
Jennifer Garner

Felicity
    $600 25
Gidget & gadget

Felicity
    $600 12
the Alps

Andrew
    $800 17
(Andrew: What is the NAACP?)
(Ben: What is the American Negro College Fund?)

the United Negro College Fund

BenAndrew
Triple Stumper
    $800 4
(Robbie) Burns

Andrew
    $800 11
Stranger Things

Andrew
    $800 26
(Ben: [*]. What are [*]?)
...
[The end-of-round signal sounds.]

Byrd & bard

Ben
    $800 13
Yugoslavia

Triple Stumper
    $1000 18
the Shriners

Andrew
    $1000 5
a trope

Triple Stumper
    $1000 22
Michelle Pfeiffer

Felicity
    $1000 14
John Singer Sargent

Andrew

Scores at the first commercial break (after clue 15):

Felicity Ben Andrew
$1,800 $400 $6,800

Scores at the end of the Jeopardy! Round:

Felicity Ben Andrew
$4,000 $600 $8,000

Double Jeopardy! Round responses

FLEE CIRCUS
SPORTS TALK
DOGGONE WORDS
(Alex: Each correct response will begin with a type of dog.)
COUNTRY OF THE BRIDGE
"I AM" A TITLE
(Steve Kornacki: I'm MSNBC's Steve Kornacki, and I'm bringing my wizardry at the map to American history in a category on...)
THE ELECTORAL COLLEGE
    $400 9
McGovern

Ben
    $800 11
the Circus Maximus

Triple Stumper
    $800 25
(Ben: What is 1,600?)
...
(Alex: You can't ring in again, Ben.)
[Laughter]
(Alex: I know you wanted to take 100 off and make it [*] meters and you would have been correct then.)
[The end-of-round signal sounds.]

1,500

Ben
Triple Stumper
    $800 23
Laboratories

Felicity
    $800 4
Italy

Triple Stumper
    $800 24
I Am the Cheese

Triple Stumper
    $1,600 8
George Wallace

Ben
    $1200 12
(Andrew: What is the exit?)

egress

Andrew
Triple Stumper
    $1200 15
no man's land

Felicity
    $1200 10
to mutter

Triple Stumper
    $1200 1
(Felicity: What is France?)

Canada

FelicityBen
    $1200 20
I Am Spock and I Am Not Spock

Triple Stumper
    $1200 5
Dewey

Ben
    $1600 13
a Flying Circus

Felicity
    $1600 17
(Felicity: What is a whisk?)

the egg beater kick

Felicity
Triple Stumper
    $1600 22
pugnacious

Triple Stumper
    $1,800 2
(Ben: What is...)
(Alex: Say something.)
(Ben: What is Mexico?)

Panama

Ben
    $1600 19
I am Legend

Felicity
    $1600 6
(Ben: What is 1788?)
(Andrew: What is 1790?)
(Felicity: What is 1780?)

1789

FelicityBenAndrew
Triple Stumper
    $2000 14
Water for Elephants

Andrew
    $2000 18
(Andrew: What is a notch?)
...
(Alex: Less than a minute now.)

nock

Andrew
Triple Stumper
    $2000 21
shepherded

Felicity
    $2000 3
(Andrew: What is Zimbabwe and...)

Zimbabwe and Zambia

Andrew
Triple Stumper
    $2000 16
I am Charlotte Simmons

Andrew
    $2000 7
Breckinridge

Ben

Scores at the end of the Double Jeopardy! Round:

Felicity Ben Andrew
$6,800 $2,800 $5,200

[wagering suggestions for these scores]

Final Jeopardy! Round responses

RECENT MOVIE SONGS
BenWhat is Shallow ([heart] Kristen)
$401
AndrewWhat is Lady Gaga & Bradley Coopers Duet?
$1,601
FelicityWhat is Into the Deep
$3,700
"Shallow"

Final scores:

Felicity Ben Andrew
$3,100 $3,201 $3,599
3rd place: $1,000 2nd place: $2,000 New champion: $3,599

Game dynamics:

Coryat scores:

Felicity Ben Andrew
$6,800 $3,800 $2,200
14 R,
3 W
8 R
(including 1 DD),
4 W
(including 1 DD)
12 R
(including 1 DD),
7 W

Combined Coryat: $12,800

The J! Archive is created by fans, for fans. The Jeopardy! game show and all elements thereof, including but not limited to copyright and trademark thereto, are the property of Jeopardy Productions, Inc. and are protected under law. This website is not affiliated with, sponsored by, or operated by Jeopardy Productions, Inc. Join the discussion at JBoard.tv.